[Event "Ogolnopolski Integracyjny Turniej Szacho"]
[Site "Osrodek "]
[Date "2012.??.??"]
[Round "8.21"]
[White "Janocha, Jan"]
[Black "Budnik, Kazimierz"]
[Result "1-0"]
[WhiteElo "1832"]
[BlackElo "1423"]
[PlyCount "45"]
[EventDate "2012.??.??"]

1. e4 c5 2. Nf3 e6 3. c3 d6 4. d4 cxd4 5. cxd4 Nf6 6. Nc3 Be7 7. Bd3 O-O 8. Bf4
Nc6 9. Rc1 Kh8 10. e5 dxe5 11. dxe5 Nd7 12. Qe2 f6 13. Rd1 Qa5 14. exf6 Nxf6
15. O-O Bb4 16. Ne5 Bxc3 17. Nxc6 bxc6 18. bxc3 Qxc3 19. Be5 Qa3 20. Bxf6 Rxf6
21. Qh5 g6 22. Bxg6 Qe7 23. Rd8+ 1-0

[Event "Ogolnopolski Integracyjny Turniej Szacho"]
[Site "Osrodek "]
[Date "2012.??.??"]
[Round "8.22"]
[White "Barnowski, Sylwester"]
[Black "Krawczyk, Zbigniew"]
[Result "1/2-1/2"]
[WhiteElo "1831"]
[BlackElo "1702"]
[PlyCount "74"]
[EventDate "2012.??.??"]

1. d4 Nf6 2. Nf3 d5 3. Bg5 e6 4. e3 Be7 5. c4 O-O 6. Nc3 c6 7. Rc1 h6 8. Bh4 b6
9. Bd3 Nbd7 10. O-O Bb7 11. cxd5 cxd5 12. Qe2 Ne4 13. Bxe7 Qxe7 14. Rc2 Nxc3
15. Rxc3 Rfc8 16. Rfc1 Rxc3 17. Rxc3 Rc8 18. Qc2 Rxc3 19. Qxc3 Qf8 20. h3 Qc8
21. Qa3 a6 22. b3 Qf8 23. Qa4 b5 24. Qa5 Qc8 25. Kh2 Qb8+ 26. g3 Qc8 27. a4
bxa4 28. Qxa4 g6 29. Qa5 Kg7 30. Ne1 Nb8 31. Nc2 Nc6 32. Qb6 Kg8 33. h4 h5 34.
Nb4 Nxb4 35. Qxb4 Qc7 36. Qa4 Qc8 37. Qa5 Kg7 1/2-1/2

[Event "Ogolnopolski Integracyjny Turniej Szacho"]
[Site "Osrodek "]
[Date "2012.??.??"]
[Round "8.23"]
[White "Jasinska-kuzia, Lidia"]
[Black "Debowski, Stanislaw"]
[Result "1-0"]
[WhiteElo "1670"]
[BlackElo "1741"]
[PlyCount "101"]
[EventDate "2012.??.??"]

1. e4 d6 2. d4 g6 3. c3 Nf6 4. Bd3 Bg7 5. Ne2 O-O 6. h3 Nbd7 7. O-O c5 8. d5
Nb6 9. Nd2 e6 10. c4 e5 11. a3 Nbd7 12. b4 b6 13. Rb1 Qc7 14. b5 Kh8 15. Ng3
Bh6 16. Nf3 Bxc1 17. Qxc1 Ng8 18. Nh4 h6 19. Rb3 Bb7 20. Qb2 Kh7 21. Be2 Rae8
22. a4 Qd8 23. Nf3 f5 24. exf5 gxf5 25. Nh2 Qf6 26. Nh5 Qg6 27. Rg3 Qf7 28.
Rg7+ Qxg7 29. Nxg7 Kxg7 30. g4 f4 31. f3 Ndf6 32. Bd3 Bc8 33. Re1 Ne7 34. Qg2
Kh8 35. Qf2 Rg8 36. Qh4 Kg7 37. Kf2 Nh7 38. Bxh7 Kxh7 39. Qf6 Ng6 40. Qxd6 Rgf8
41. Re4 Re7 42. a5 Kg7 43. axb6 axb6 44. Qxb6 Rf6 45. Qxc5 Bd7 46. Nf1 Rf8 47.
Nd2 Ra8 48. Qb4 Be8 49. c5 Rea7 50. c6 Ra4 51. Qxa4 1-0

[Event "Ogolnopolski Integracyjny Turniej Szacho"]
[Site "Osrodek "]
[Date "2012.??.??"]
[Round "8.24"]
[White "Wojtowicz, Mieczyslaw"]
[Black "Woronowicz, Zbigniew"]
[Result "1-0"]
[WhiteElo "1716"]
[BlackElo "1554"]
[PlyCount "71"]
[EventDate "2012.??.??"]

1. d4 Nf6 2. c4 e6 3. Nc3 c6 4. Bg5 Be7 5. e3 d5 6. cxd5 cxd5 7. Bb5+ Bd7 8.
Bxd7+ Nbxd7 9. Nf3 O-O 10. O-O h6 11. Bh4 a6 12. h3 Rb8 13. Bg3 Rc8 14. Rc1 Nh5
15. Bh2 f5 16. Ne5 Nhf6 17. Ng6 Rf7 18. Nxe7+ Rxe7 19. Qb3 b5 20. Ne2 Rxc1 21.
Rxc1 Nf8 22. Rc6 Qa8 23. Qc2 Kh7 24. Bd6 Ng6 25. Bxe7 Nxe7 26. Rxe6 Nfg8 27.
Qc5 Ng6 28. Qb6 Nf8 29. Qxa6 Qb8 30. Rb6 Qc7 31. Qxb5 Qc2 32. Ng3 Qd1+ 33. Nf1
Nf6 34. Rxf6 gxf6 35. Qxd5 Qb1 36. Qf7+ 1-0

[Event "Ogolnopolski Integracyjny Turniej Szacho"]
[Site "Osrodek "]
[Date "2012.??.??"]
[Round "8.26"]
[White "Rafalski, Krzysztof"]
[Black "Chmielowski, Stefan"]
[Result "0-1"]
[WhiteElo "1667"]
[BlackElo "1677"]
[PlyCount "46"]
[EventDate "2012.??.??"]

1. e4 d6 2. d4 Nf6 3. Nd2 g6 4. b3 Bg7 5. Bb2 c6 6. g3 O-O 7. Bg2 Na6 8. Ngf3
Be6 9. O-O Qd7 10. Re1 Bg4 11. c4 Nb4 12. Qb1 a5 13. a3 Na6 14. Qd3 c5 15. e5
Ne8 16. Qe4 Bf5 17. Qh4 f6 18. Ne4 Bxe4 19. Rxe4 Qf5 20. e6 g5 21. Bh3 Qxf3 22.
Bg2 Qxg2+ 23. Kxg2 gxh4 0-1

[Event "Ogolnopolski Integracyjny Turniej Szacho"]
[Site "Osrodek "]
[Date "2012.??.??"]
[Round "8.27"]
[White "Kolcz, Jozef"]
[Black "Panczuk, Boleslaw"]
[Result "1-0"]
[WhiteElo "1629"]
[BlackElo "1406"]
[PlyCount "77"]
[EventDate "2012.??.??"]

1. e4 c5 2. Bc4 d6 3. Nf3 Nf6 4. Ng5 e6 5. Nc3 a6 6. Be2 h6 7. Nf3 Be7 8. d4
cxd4 9. Nxd4 Bd7 10. Nf3 Nc6 11. O-O O-O 12. h3 Qc7 13. a3 b5 14. Bd3 Na5 15.
Be3 Nc4 16. Qc1 Nxe3 17. Qxe3 Rfe8 18. Kh1 Bc6 19. Nd2 Bb7 20. f4 d5 21. Qf2
Bc5 22. Qh4 dxe4 23. Ncxe4 Be7 24. Qf2 Rad8 25. Kh2 Rd4 26. g3 Qc6 27. Rae1 Bc5
28. Qf3 Bb6 29. Nxf6+ gxf6 30. Qxc6 Bxc6 31. Nf3 Rd6 32. g4 Bc7 33. Nh4 Rd4 34.
Ng2 Bxg2 35. Kxg2 Rxf4 36. Rxf4 Bxf4 37. Rd1 Rc8 38. Kf3 e5 39. b3 1-0

[Event "Ogolnopolski Integracyjny Turniej Szacho"]
[Site "Osrodek "]
[Date "2012.??.??"]
[Round "8.28"]
[White "Jagiello, Adolf"]
[Black "Krupecka-czarkowska, Danuta"]
[Result "1-0"]
[WhiteElo "1459"]
[BlackElo "1364"]
[PlyCount "41"]
[EventDate "2012.??.??"]

1. e4 e6 2. d4 d6 3. c4 Nf6 4. Nc3 Be7 5. Bd3 c6 6. Bd2 Bd7 7. f4 Na6 8. a3 h6
9. Nh3 Qb6 10. Ne2 c5 11. Bc3 Ng4 12. Qd2 Nf6 13. O-O O-O 14. b3 Qxb3 15. Rfb1
Qa4 16. Rxb7 Qc6 17. Rab1 Nc7 18. e5 Nh7 19. Bc2 d5 20. Qd3 dxc4 21. Qxh7# 1-0

[Event "Ogolnopolski Integracyjny Turniej Szacho"]
[Site "Osrodek "]
[Date "2012.??.??"]
[Round "8.30"]
[White "Juraszewski, Mieczyslaw"]
[Black "Pilecki, Jozef"]
[Result "1-0"]
[WhiteElo "1726"]
[BlackElo "1416"]
[PlyCount "57"]
[EventDate "2012.??.??"]

1. d4 Nf6 2. Nf3 d6 3. c4 Bf5 4. Nc3 Nbd7 5. Bg5 h6 6. Bxf6 Nxf6 7. e3 e6 8.
Rc1 Ne4 9. Qa4+ Qd7 10. Qb3 c6 11. Be2 Be7 12. O-O O-O 13. h3 Rab8 14. Qd1 d5
15. cxd5 exd5 16. Ne5 Qe6 17. Na4 f6 18. Nf3 b6 19. Bd3 b5 20. Nc3 c5 21. Ne2
c4 22. Bb1 Bd6 23. Nh4 Bxh3 24. gxh3 Qxh3 25. f4 Qxh4 26. Bxe4 dxe4 27. Rf2 f5
28. Rh2 Qg3+ 29. Nxg3 1-0

[Event "Ogolnopolski Integracyjny Turniej Szacho"]
[Site "Osrodek "]
[Date "2012.??.??"]
[Round "9.1"]
[White "Kiedrowicz, Jan"]
[Black "Pioch, Zygmunt"]
[Result "1/2-1/2"]
[WhiteElo "2298"]
[BlackElo "2120"]
[PlyCount "23"]
[EventDate "2012.??.??"]

1. Nf3 Nf6 2. c4 e6 3. g3 b6 4. Bg2 Bb7 5. O-O c5 6. Nc3 Be7 7. Re1 O-O 8. e4
d6 9. d4 cxd4 10. Nxd4 a6 11. b3 Qc7 12. Bb2 1/2-1/2

[Event "Ogolnopolski Integracyjny Turniej Szacho"]
[Site "Osrodek "]
[Date "2012.??.??"]
[Round "9.3"]
[White "Krasowski, Slawomir"]
[Black "Bakalarz, Leszek"]
[Result "0-1"]
[WhiteElo "1999"]
[BlackElo "2161"]
[PlyCount "94"]
[EventDate "2012.??.??"]

1. e4 c5 2. Nf3 d6 3. Nc3 g6 4. d4 cxd4 5. Nxd4 Bg7 6. Be3 Nf6 7. Be2 O-O 8.
O-O Nc6 9. Nxc6 bxc6 10. Bf3 Qc7 11. Re1 Rb8 12. Rb1 Rd8 13. Qd4 a5 14. Qc4 Rb4
15. Qd3 Nd7 16. a3 Ne5 17. Qe2 Rb8 18. Bd2 Qa7 19. Be3 Qa8 20. Na4 Ba6 21. Qd1
Bb5 22. Nb6 Qa6 23. a4 Bc4 24. Nxc4 Nxc4 25. Bd4 e5 26. Bc3 Qa7 27. b3 Nb6 28.
Qd2 Ra8 29. Rbd1 Nc8 30. Qg5 Qe7 31. Qd2 Qc7 32. h4 h5 33. g3 Ne7 34. Kg2 d5
35. Qc1 f5 36. Bd2 fxe4 37. Be2 Nf5 38. Bg5 Rf8 39. g4 Nd4 40. Rxd4 exd4 41.
gxh5 Qf7 42. Rf1 gxh5 43. Qd1 Bf6 44. Bxh5 Qg7 45. Kh1 Bxg5 46. Rg1 Rf5 47. Qg4
Rf4 0-1

[Event "Ogolnopolski Integracyjny Turniej Szacho"]
[Site "Osrodek "]
[Date "2012.??.??"]
[Round "9.4"]
[White "Najdzionek, Boleslaw"]
[Black "Krawcewicz, Lucyna"]
[Result "1/2-1/2"]
[WhiteElo "1921"]
[BlackElo "1948"]
[PlyCount "20"]
[EventDate "2012.??.??"]

1. d4 d5 2. c4 e6 3. e3 Nf6 4. Nf3 c5 5. cxd5 exd5 6. Nc3 a6 7. Be2 b5 8. a3
Nc6 9. dxc5 Bxc5 10. O-O O-O 1/2-1/2

[Event "Ogolnopolski Integracyjny Turniej Szacho"]
[Site "Osrodek "]
[Date "2012.??.??"]
[Round "9.5"]
[White "Staruch, Roman"]
[Black "Szczepaniec, Stanislaw"]
[Result "1/2-1/2"]
[WhiteElo "1957"]
[BlackElo "2052"]
[PlyCount "61"]
[EventDate "2012.??.??"]

1. e4 c5 2. Nf3 Nc6 3. c3 Nf6 4. e5 Nd5 5. Bc4 Nb6 6. Bb3 c4 7. Bc2 d6 8. Qe2
Bg4 9. exd6 Qxd6 10. O-O O-O-O 11. Na3 Bxf3 12. Qxf3 Ne5 13. Qe4 e6 14. b3 f5
15. Qe2 Ng4 16. g3 Qe5 17. Re1 Qxe2 18. Rxe2 Bxa3 19. Bxa3 Rhe8 20. Rae1 g6 21.
Bc1 Rd6 22. Ba3 Rd5 23. bxc4 Nxc4 24. Bb3 b5 25. Rxe6 Rxe6 26. Rxe6 Rxd2 27.
Bc5 a5 28. Bd4 Kd7 29. Ra6 Nge5 30. Bxe5 Nxe5 31. Rxa5 1/2-1/2

[Event "Ogolnopolski Integracyjny Turniej Szacho"]
[Site "Osrodek "]
[Date "2012.??.??"]
[Round "9.7"]
[White "Wodas, Pawel"]
[Black "Relidzynski, Tadeusz"]
[Result "1-0"]
[WhiteElo "1898"]
[BlackElo "1913"]
[PlyCount "33"]
[EventDate "2012.??.??"]

1. d4 d5 2. c4 c6 3. Nf3 Nf6 4. g3 Nbd7 5. Qc2 e6 6. Bg2 Be7 7. e3 Ne4 8. O-O
f5 9. b3 O-O 10. Bb2 g5 11. Nbd2 Rf7 12. Rad1 g4 13. Ne5 Nxe5 14. Nxe4 fxe4 15.
dxe5 h5 16. Bxe4 Bd7 17. Bg6 1-0

[Event "Ogolnopolski Integracyjny Turniej Szacho"]
[Site "Osrodek "]
[Date "2012.??.??"]
[Round "9.8"]
[White "Zinczuk, Leon"]
[Black "Rogalski, Krzysztof"]
[Result "1/2-1/2"]
[WhiteElo "1907"]
[BlackElo "1854"]
[PlyCount "33"]
[EventDate "2012.??.??"]

1. e4 c5 2. Nf3 e6 3. d4 cxd4 4. Nxd4 a6 5. Bd3 Nf6 6. O-O Qc7 7. Nc3 Nc6 8.
Nxc6 bxc6 9. Qe2 d6 10. f4 e5 11. h3 Be7 12. Be3 O-O 13. b3 d5 14. fxe5 Qxe5
15. Na4 Nxe4 16. Bf4 Qd4+ 17. Be3 1/2-1/2

[Event "Ogolnopolski Integracyjny Turniej Szacho"]
[Site "Osrodek "]
[Date "2012.??.??"]
[Round "9.10"]
[White "Olszewski, Jerzy"]
[Black "Jelen, Janusz"]
[Result "1/2-1/2"]
[WhiteElo "1806"]
[BlackElo "1991"]
[PlyCount "29"]
[EventDate "2012.??.??"]

1. e4 e5 2. Nf3 Nc6 3. Bc4 Be7 4. Nc3 Nf6 5. d3 O-O 6. a3 d6 7. Bg5 Be6 8. Bxf6
Bxf6 9. Nd5 a6 10. O-O Bg4 11. h3 Bh5 12. c3 Na7 13. Qe2 c6 14. Ne3 Nc8 15. Nf5
1/2-1/2

[Event "Ogolnopolski Integracyjny Turniej Szacho"]
[Site "Osrodek "]
[Date "2012.??.??"]
[Round "9.11"]
[White "Borowski, Jaroslaw"]
[Black "Strojek, Kazimierz"]
[Result "1-0"]
[WhiteElo "1977"]
[BlackElo "1737"]
[PlyCount "89"]
[EventDate "2012.??.??"]

1. Nf3 Nf6 2. g3 g6 3. Bg2 Bg7 4. O-O O-O 5. c4 d6 6. Nc3 c6 7. d4 Qc7 8. d5 c5
9. Bg5 h6 10. Bf4 Nh5 11. Bd2 a6 12. Nh4 g5 13. e4 Nf6 14. Nf5 Bxf5 15. exf5
Nh7 16. h4 b5 17. cxb5 axb5 18. hxg5 hxg5 19. f6 exf6 20. Be4 Re8 21. Qh5 Nf8
22. Nxb5 Qd7 23. Bd3 Ng6 24. Kg2 Re5 25. Nc3 g4 26. Qh2 f5 27. Bh6 Bf6 28. Bf4
Na6 29. Bxe5 Nxe5 30. Rad1 c4 31. Bb1 Nc5 32. Rh1 Kf8 33. Qh6+ Ke7 34. Qf4 Ncd3
35. Bxd3 cxd3 36. Rh5 Rb8 37. Rxf5 Bh8 38. Qg5+ f6 39. Qh5 Bg7 40. Qh7 Kf7 41.
Ne4 Kf8 42. Nxf6 Bxf6 43. Rxf6+ Ke8 44. Qg8+ Ke7 45. Re6+ 1-0

[Event "Ogolnopolski Integracyjny Turniej Szacho"]
[Site "Osrodek "]
[Date "2012.??.??"]
[Round "9.13"]
[White "Dulinski, Stanislaw"]
[Black "Wojtowicz, Mieczyslaw"]
[Result "0-1"]
[WhiteElo "1851"]
[BlackElo "1716"]
[PlyCount "54"]
[EventDate "2012.??.??"]

1. e4 e5 2. Bc4 Nf6 3. Nc3 c6 4. a3 Be7 5. d3 O-O 6. Bg5 d6 7. h3 b5 8. Ba2 Na6
9. b4 Nc7 10. Nge2 Ne6 11. Be3 g6 12. O-O Ng7 13. Bh6 Be6 14. f4 Bxa2 15. Rxa2
exf4 16. Nxf4 a5 17. Rb2 axb4 18. axb4 Ra3 19. Nce2 Nd7 20. d4 Bg5 21. Bxg5
Qxg5 22. c3 Nb6 23. Qd3 Nc4 24. Rbb1 Nh5 25. Kh2 Ra2 26. Rf2 Nxf4 27. Rxf4 Rd2
0-1

[Event "Ogolnopolski Integracyjny Turniej Szacho"]
[Site "Osrodek "]
[Date "2012.??.??"]
[Round "9.14"]
[White "Przybylowicz, Kazimierz"]
[Black "Janocha, Jan"]
[Result "1/2-1/2"]
[WhiteElo "1732"]
[BlackElo "1832"]
[PlyCount "45"]
[EventDate "2012.??.??"]

1. e4 e6 2. d4 d5 3. Nd2 Nf6 4. e5 Nfd7 5. Bd3 c5 6. c3 Nc6 7. Ne2 a6 8. O-O b5
9. f4 g6 10. Nf3 Bg7 11. dxc5 Nxc5 12. Ned4 Bb7 13. Be3 Nxd3 14. Qxd3 O-O 15.
Rf2 Qd7 16. Nxc6 Qxc6 17. Nd4 Qc4 18. Qxc4 dxc4 19. Rd1 Bd5 20. Nf3 Rfc8 21.
Bd4 Bf8 22. g4 Be7 23. h3 1/2-1/2

[Event "Ogolnopolski Integracyjny Turniej Szacho"]
[Site "Osrodek "]
[Date "2012.??.??"]
[Round "9.15"]
[White "Zieba, Teofil"]
[Black "Jasinska-kuzia, Lidia"]
[Result "1/2-1/2"]
[WhiteElo "1772"]
[BlackElo "1670"]
[PlyCount "24"]
[EventDate "2012.??.??"]

1. e4 c5 2. Nf3 Nc6 3. d4 cxd4 4. Nxd4 e6 5. c3 Nf6 6. Bd3 d5 7. exd5 Qxd5 8.
Nf3 Be7 9. O-O O-O 10. Qc2 Qh5 11. h3 Ne5 12. Nxe5 Qxe5 1/2-1/2

[Event "Ogolnopolski Integracyjny Turniej Szacho"]
[Site "Osrodek "]
[Date "2012.??.??"]
[Round "9.16"]
[White "Prokopczuk, Antoni"]
[Black "Zatylny, Jan"]
[Result "1-0"]
[WhiteElo "1748"]
[BlackElo "1614"]
[PlyCount "42"]
[EventDate "2012.??.??"]

1. Nf3 Nc6 2. c4 e5 3. Nc3 Nf6 4. d4 exd4 5. Nxd4 d6 6. e4 Be7 7. Be2 O-O 8.
O-O Nd7 9. Nd5 Nxd4 10. Qxd4 Bf6 11. Nxf6+ Qxf6 12. Qd1 Qg6 13. Kh1 f5 14. f4
Nf6 15. exf5 Bxf5 16. b3 Bg4 17. Bf3 Bxf3 18. Qxf3 Qf5 19. Qxb7 Ng4 20. Qxc7
Rf6 21. Bb2 Rh6 1-0

[Event "Ogolnopolski Integracyjny Turniej Szacho"]
[Site "Osrodek "]
[Date "2012.??.??"]
[Round "9.17"]
[White "Radwan, Jan"]
[Black "Korycki, Jozef"]
[Result "1/2-1/2"]
[WhiteElo "1618"]
[BlackElo "1737"]
[PlyCount "43"]
[EventDate "2012.??.??"]

1. b4 c6 2. c4 d6 3. Nc3 a6 4. e3 e5 5. Nge2 Nf6 6. Ng3 Be7 7. Be2 O-O 8. O-O
Be6 9. d4 Qc7 10. Rb1 Rd8 11. Qc2 b6 12. Nce4 Nbd7 13. a4 Nxe4 14. Nxe4 b5 15.
Bd3 Bf5 16. a5 d5 17. Ng3 Bxd3 18. Qxd3 e4 19. Qe2 Nf6 20. c5 Re8 21. f4 Qd7
22. f5 1/2-1/2

[Event "Ogolnopolski Integracyjny Turniej Szacho"]
[Site "Osrodek "]
[Date "2012.??.??"]
[Round "9.19"]
[White "Ostrowski, Michal"]
[Black "Barnowski, Sylwester"]
[Result "0-1"]
[WhiteElo "1418"]
[BlackElo "1831"]
[PlyCount "72"]
[EventDate "2012.??.??"]

1. Nc3 d5 2. e4 c6 3. d4 e6 4. e5 c5 5. Bb5+ Bd7 6. Be3 Bxb5 7. Nxb5 Qa5+ 8.
Nc3 cxd4 9. Bxd4 Nc6 10. Nf3 Bb4 11. O-O Nxd4 12. Qxd4 Bxc3 13. bxc3 Ne7 14.
Qb4 Qc7 15. Rab1 b6 16. Qa4+ Qc6 17. Qb4 Qd7 18. Qb5 Qxb5 19. Rxb5 Rc8 20. Rb3
O-O 21. Nd4 Nc6 22. Nf3 Rc7 23. Re1 Rfc8 24. Nd4 Nxd4 25. cxd4 Rxc2 26. a4 g6
27. h4 Rc1 28. Kf1 Rxe1+ 29. Kxe1 Rc4 30. a5 bxa5 31. Ra3 a4 32. Rd3 Rb4 33. g4
Rb3 34. Rxb3 axb3 35. Kd2 a5 36. Kc3 a4 0-1

[Event "Ogolnopolski Integracyjny Turniej Szacho"]
[Site "Osrodek "]
[Date "2012.??.??"]
[Round "9.20"]
[White "Krawczyk, Zbigniew"]
[Black "Szynwelski, Ryszard"]
[Result "1/2-1/2"]
[WhiteElo "1702"]
[BlackElo "1414"]
[PlyCount "46"]
[EventDate "2012.??.??"]

1. c4 e6 2. Nc3 Nf6 3. e4 Nc6 4. Nf3 Bc5 5. d4 Bb6 6. h3 d6 7. Be2 a6 8. O-O
Ba7 9. Be3 Ne7 10. b4 c6 11. Qd2 Qc7 12. Bf4 Ng6 13. Bh2 Bd7 14. Rfd1 Bb8 15.
c5 e5 16. dxe5 dxe5 17. Qd6 Qd8 18. Qd3 Bc7 19. Rd2 O-O 20. Rad1 Qe7 21. a3
Rad8 22. Qc2 Be6 23. Rxd8 Rxd8 1/2-1/2

[Event "Ogolnopolski Integracyjny Turniej Szacho"]
[Site "Osrodek "]
[Date "2012.??.??"]
[Round "9.21"]
[White "Chmielowski, Stefan"]
[Black "Tomczyk, Ryszard"]
[Result "1/2-1/2"]
[WhiteElo "1677"]
[BlackElo "1431"]
[PlyCount "44"]
[EventDate "2012.??.??"]

1. e4 b6 2. d4 e6 3. Nf3 Bb7 4. Bd3 h6 5. O-O Nf6 6. Nbd2 c5 7. c3 Qc7 8. h3
Nc6 9. Qe2 Be7 10. a3 d6 11. Re1 d5 12. e5 Nd7 13. Nf1 O-O-O 14. b4 c4 15. Bc2
Rdg8 16. a4 g5 17. g3 Qd8 18. Be3 Nf8 19. Ra2 Ng6 20. Bxg6 Rxg6 21. Kg2 Qg8 22.
Rb2 Qh7 1/2-1/2

[Event "Ogolnopolski Integracyjny Turniej Szacho"]
[Site "Osrodek "]
[Date "2012.??.??"]
[Round "9.22"]
[White "Debowski, Stanislaw"]
[Black "Jagiello, Adolf"]
[Result "1-0"]
[WhiteElo "1741"]
[BlackElo "1459"]
[PlyCount "65"]
[EventDate "2012.??.??"]

1. d4 d5 2. e3 Nf6 3. Bd3 Nc6 4. Nf3 Bg4 5. Be2 Qd6 6. Nbd2 a6 7. O-O h6 8. a3
g5 9. c4 Bxf3 10. Bxf3 e6 11. c5 Qd7 12. b4 Bg7 13. Rb1 Na7 14. a4 c6 15. Nb3
Qc7 16. Bd2 Ne4 17. Be1 O-O 18. Be2 f5 19. f3 Nf6 20. Bg3 Qd7 21. Be5 Rf7 22.
Qd3 Re8 23. Rf2 Nc8 24. Rbf1 Kh8 25. Bd1 Ref8 26. Bc2 Qe7 27. a5 Ne8 28. g4
Bxe5 29. dxe5 Ng7 30. Nd4 Ne8 31. gxf5 exf5 32. f4 gxf4 33. exf4 1-0

[Event "Ogolnopolski Integracyjny Turniej Szacho"]
[Site "Osrodek "]
[Date "2012.??.??"]
[Round "9.23"]
[White "Borkowski, Jozef"]
[Black "Kolcz, Jozef"]
[Result "1-0"]
[WhiteElo "1717"]
[BlackElo "1629"]
[PlyCount "55"]
[EventDate "2012.??.??"]

1. e4 e6 2. d4 d5 3. e5 a6 4. f4 c5 5. Nf3 b5 6. c3 h6 7. Be3 c4 8. Qd2 Ne7 9.
a4 Bb7 10. Be2 Nf5 11. Bf2 Qa5 12. Bd1 b4 13. O-O b3 14. Be2 Bc6 15. g4 Ne7 16.
Nh4 g6 17. Bg3 Bxa4 18. Qe3 Qb5 19. Qf3 Qc6 20. Nd2 Bb5 21. Qg2 g5 22. fxg5
hxg5 23. Nhf3 Rg8 24. Qf2 Nd7 25. Nxg5 O-O-O 26. Nxf7 Bh6 27. Nxd8 Rxd8 28. Nb1
1-0

[Event "Ogolnopolski Integracyjny Turniej Szacho"]
[Site "Osrodek "]
[Date "2012.??.??"]
[Round "9.25"]
[White "Budnik, Kazimierz"]
[Black "Jurkiewicz, Kazimierz"]
[Result "1/2-1/2"]
[WhiteElo "1423"]
[BlackElo "1468"]
[PlyCount "59"]
[EventDate "2012.??.??"]

1. e4 e5 2. Nf3 Nc6 3. Bc4 h6 4. c3 d6 5. b4 a6 6. d3 Be6 7. Bxe6 fxe6 8. O-O
Be7 9. Qb3 Qd7 10. Rd1 Bf6 11. a4 Rb8 12. d4 Qf7 13. Ra2 Nge7 14. Rad2 O-O 15.
dxe5 Bxe5 16. Bb2 Rbe8 17. b5 Na5 18. Qa2 axb5 19. axb5 b6 20. Nxe5 dxe5 21. f3
Ng6 22. Rd7 Re7 23. Rxe7 Nxe7 24. Ba3 c5 25. bxc6 Naxc6 26. Bxe7 Qxe7 27. Qb3
Rd8 28. Rxd8+ Nxd8 29. Qxb6 Qg5 30. Qd6 1/2-1/2

[Event "Ogolnopolski Integracyjny Turniej Szacho"]
[Site "Osrodek "]
[Date "2012.??.??"]
[Round "9.26"]
[White "Zaleski, Jan"]
[Black "Juraszewski, Mieczyslaw"]
[Result "1/2-1/2"]
[WhiteElo "1851"]
[BlackElo "1726"]
[PlyCount "47"]
[EventDate "2012.??.??"]

1. b3 Nf6 2. Bb2 e6 3. g3 Be7 4. Bg2 c5 5. e3 Nc6 6. d3 Qa5+ 7. Nd2 O-O 8. Ngf3
d5 9. O-O Re8 10. Qe2 b5 11. a4 b4 12. e4 d4 13. Nc4 Qc7 14. Bc1 Nd7 15. h3
Nde5 16. Nfxe5 Nxe5 17. Bf4 Bf6 18. Nxe5 Bxe5 19. Bxe5 Qxe5 20. f4 Qc7 21. e5
Bb7 22. Bxb7 Qxb7 23. Qg2 Qxg2+ 24. Kxg2 1/2-1/2

[Event "Ogolnopolski Integracyjny Turniej Szacho"]
[Site "Osrodek "]
[Date "2012.??.??"]
[Round "9.27"]
[White "Krupecka-czarkowska, Danuta"]
[Black "Rafalski, Krzysztof"]
[Result "0-1"]
[WhiteElo "1364"]
[BlackElo "1667"]
[PlyCount "42"]
[EventDate "2012.??.??"]

1. e4 c5 2. d4 e6 3. Nf3 a6 4. Nc3 cxd4 5. Nxd4 Nf6 6. f3 Qc7 7. Be3 Bc5 8. Qd2
b5 9. a3 d6 10. O-O-O Nbd7 11. g4 Bb7 12. g5 Nh5 13. Bh3 Nf8 14. Bg4 g6 15.
Bxh5 gxh5 16. h4 Ng6 17. f4 b4 18. axb4 Bxb4 19. f5 exf5 20. exf5 Bxh1 21. Rxh1
Ne5 0-1